| 000 | 00558cam a22002171 4500 | ||
|---|---|---|---|
| 001 | ne 67000317 | ||
| 003 | DLC | ||
| 005 | 20260227111829.0 | ||
| 008 | 890514s1958 xx 000 0bper | ||
| 010 | _ane 67000317 | ||
| 035 | _a(OCoLC)23538801 | ||
| 040 |
_aDLC _cMiU _dDLC |
||
| 042 | _apremarc | ||
| 050 | 0 | 0 |
_aBP75 _b.K494 |
| 100 | 1 | _aKhalīlī, Muḥammad ʻAlī. | |
| 245 | 1 | 0 | _aZindagānī-i Muḥammad. |
| 260 | _c[1958/59] | ||
| 300 |
_a707, 10, [2] p. _c24 cm. |
||
| 500 | _aRomanized. | ||
| 600 | 0 | 0 |
_aMuḥammad, _cProphet, _d-632 _vBiography. |
| 999 |
_c49384 _d49384 |
||